|
|
|
|
| LEADER |
01414nam a2200361Ia 4500 |
| 001 |
EBC994837 |
| 003 |
MiAaPQ |
| 005 |
20200520144314.0 |
| 006 |
m o d | |
| 007 |
cr cn||||||||| |
| 008 |
120314s2012 caua sb 001 0 eng d |
| 010 |
|
|
|z 2012009561
|
| 020 |
|
|
|z 9780804757201
|
| 020 |
|
|
|z 9780804784962
|
| 035 |
|
|
|a (MiAaPQ)EBC994837
|
| 035 |
|
|
|a (Au-PeEL)EBL994837
|
| 035 |
|
|
|a (CaPaEBR)ebr10590944
|
| 035 |
|
|
|a (OCoLC)811490087
|
| 040 |
|
|
|a MiAaPQ
|c MiAaPQ
|d MiAaPQ
|
| 050 |
|
4 |
|a TS171.4
|b .D497 2012
|
| 100 |
1 |
|
|a Devin, Lee,
|d 1938-
|
| 245 |
1 |
4 |
|a The soul of design
|h [electronic resource] :
|b harnessing the power of plot to create extraordinary products /
|c Lee Devin and Robert D. Austin.
|
| 260 |
|
|
|a Stanford, California :
|b Stanford Business Books, an imprint of Stanford University Press,
|c 2012.
|
| 300 |
|
|
|a xi, 176 p. :
|b ill.
|
| 504 |
|
|
|a Includes bibliographical references and index.
|
| 533 |
|
|
|a Electronic reproduction. Ann Arbor, MI : ProQuest, 2015. Available via World Wide Web. Access may be limited to ProQuest affiliated libraries.
|
| 650 |
|
0 |
|a Product design.
|
| 650 |
|
0 |
|a New products
|x Management.
|
| 650 |
|
0 |
|a Product management.
|
| 655 |
|
4 |
|a Electronic books.
|
| 700 |
1 |
|
|a Austin, Robert D.
|q (Robert Daniel),
|d 1962-
|
| 710 |
2 |
|
|a ProQuest (Firm)
|
| 856 |
4 |
0 |
|u https://ebookcentral.proquest.com/lib/matrademy/detail.action?docID=994837
|z Click to View
|